[Event "BCF-chT2 2223 (4NCL)"]
[Site "England"]
[Date "2023.02.12"]
[Round "6.32"]
[White "Taylor, Martin R"]
[Black "Hng, Mei En Emmanuelle"]
[Result "1-0"]
[WhiteElo "2351"]
[BlackElo "2118"]
[PlyCount "93"]
[EventDate "2022.10.22"]
[EventType "team-tourn"]
[EventRounds "11"]
[EventCountry "ENG"]
[SourceTitle "EXT 2024"]
[Source "ChessBase"]
[SourceDate "2023.10.10"]
[SourceVersion "1"]
[SourceVersionDate "2023.10.10"]
[SourceQuality "1"]
[WhiteTeam "Barbican"]
[BlackTeam "Schach Attack"]
[WhiteTeamCountry "ENG"]
[BlackTeamCountry "ENG"]

1. d4 Nf6 2. c4 e6 3. Nc3 c5 4. d5 exd5 5. cxd5 d6 6. e4 g6 7. Nge2 Bg7 8. Ng3 0-0 9. Be2 h5 10. Bg5 Qb6 11. Qc1 Nbd7 12. 0-0 Re8 13. Rb1 Ne5 14. f3 a6 15. Nh1 c4+ 16. Nf2 Qc7 17. a4 Bd7 18. f4 Neg4 19. Bxg4 Nxg4 20. Nxg4 hxg4 21. f5 gxf5 22. Bh6 Qc5+ 23. Kh1 Qd4 24. Qf4 Qe5 25. Bxg7 Qxf4 26. Rxf4 Kxg7 27. exf5 b5 28. Rbf1 Rac8 29. axb5 axb5 30. Ne4 Rxe4 31. Rxe4 Kf6 32. Rxg4 Rc5 33. Rd4 Ke5 34. Rd2 Bxf5 35. Re2+ Be4 36. Rxf7 Kxd5 37. Rd2+ Bd3 38. Kg1 Kd4 39. Kf2 Re5 40. Rf4+ Re4 41. Rxe4+ Kxe4 42. Ke1 b4 43. h4 d5 44. h5 Kf5 45. Rxd3 cxd3 46. Kd2 Kg5 47. g4 1-0

[Event "BCF-chT2 2223 (4NCL)"]
[Site "England"]
[Date "2022.10.23"]
[Round "2.33"]
[White "Zakarian, David"]
[Black "Taylor, Martin R"]
[Result "0-1"]
[WhiteElo "2306"]
[BlackElo "2351"]
[PlyCount "52"]
[EventDate "2022.10.22"]
[EventType "team-tourn"]
[EventRounds "11"]
[EventCountry "ENG"]
[SourceTitle "EXT 2024"]
[Source "ChessBase"]
[SourceDate "2023.10.10"]
[SourceVersion "1"]
[SourceVersionDate "2023.10.10"]
[SourceQuality "1"]
[WhiteTeam "Oxford"]
[BlackTeam "Barbican"]
[WhiteTeamCountry "ENG"]
[BlackTeamCountry "ENG"]

1. e4 e5 2. f4 exf4 3. Bc4 Nf6 4. Nc3 c6 5. Bb3 d5 6. exd5 Nxd5 7. Nxd5 cxd5 8. Qf3 Qh4+ 9. g3 fxg3 10. hxg3 Qe4+ 11. Kf1 Bg4 12. Qxe4+ dxe4 13. Bd5 Nc6 14. Bxe4 0-0-0 15. c3 Bd6 16. Kf2 Rhe8 17. Bxc6 bxc6 18. d4 Re6 19. Bd2 Rf6+ 20. Kg2 Be6 21. Rh2 Bd5+ 22. Kh3 Re8 23. b3 Ree6 24. Re2 Rxe2 25. Nxe2 Rf2 26. Re1 Be6+ 0-1

[Event "BCF-chT2 2223 (4NCL)"]
[Site "England"]
[Date "2022.10.22"]
[Round "1.33"]
[White "Taylor, Martin R"]
[Black "Crocker, Philip J"]
[Result "1-0"]
[WhiteElo "2351"]
[BlackElo "2196"]
[PlyCount "85"]
[EventDate "2022.10.22"]
[EventType "team-tourn"]
[EventRounds "11"]
[EventCountry "ENG"]
[SourceTitle "EXT 2024"]
[Source "ChessBase"]
[SourceDate "2023.10.10"]
[SourceVersion "1"]
[SourceVersionDate "2023.10.10"]
[SourceQuality "1"]
[WhiteTeam "Barbican"]
[BlackTeam "Spirit of Atticus"]
[WhiteTeamCountry "ENG"]
[BlackTeamCountry "ENG"]

1. d4 d5 2. c4 c6 3. cxd5 cxd5 4. Nc3 Nf6 5. Bf4 Nc6 6. e3 a6 7. Bd3 Bg4 8. Nge2 e6 9. 0-0 Bd6 10. f3 Bh5 11. Rc1 0-0 12. Na4 Bg6 13. Nc5 Bxd3 14. Qxd3 Bxf4 15. Nxf4 Qe7 16. Qb3 Na5 17. Qc3 Nc4 18. b3 Nd6 19. Qb4 b5 20. Nb7 Qxb7 21. Qxd6 Rac8 22. Nd3 Rfd8 23. Rxc8 Qxc8 24. Qb6 Nd7 25. Qa5 Qa8 26. Rc1 Rc8 27. Rc7 Rxc7 28. Qxc7 Nf8 29. b4 f6 30. Qb6 Qc8 31. Nc5 e5 32. Qd6 exd4 33. Qxd5+ Kh8 34. exd4 h6 35. Qf7 Nh7 36. Ne6 Qc1+ 37. Kf2 Qd2+ 38. Kg3 Qe1+ 39. Kg4 f5+ 40. Kh5 g6+ 41. Kxg6 Qxe6+ 42. Qxe6 Nf8+ 43. Kxf5 1-0

[Event "BCF-chT 2122 (4NCL)"]
[Site "England"]
[Date "2022.05.02"]
[Round "9.56"]
[White "Taylor, Martin R"]
[Black "Dong, Bao Nghia"]
[Result "1-0"]
[WhiteElo "2343"]
[BlackElo "2277"]
[PlyCount "105"]
[EventDate "2021.11.27"]
[EventType "team-swiss"]
[EventRounds "11"]
[EventCountry "ENG"]
[SourceTitle "EXT 2023"]
[Source "ChessBase"]
[SourceDate "2022.10.05"]
[SourceVersion "1"]
[SourceVersionDate "2022.10.05"]
[SourceQuality "1"]
[WhiteTeam "Barbican"]
[BlackTeam "The Sharks"]
[WhiteTeamCountry "ENG"]
[BlackTeamCountry "ENG"]

1. e4 e6 2. b3 a5 3. Bb2 Nf6 4. e5 Nd5 5. c4 Nb6 6. a3 d6 7. exd6 cxd6 8. Nf3 Qc7 9. Nc3 Bd7 10. Rc1 f6 11. d4 Be7 12. Bd3 0-0 13. 0-0 Na6 14. Re1 Qd8 15. Qe2 Rb8 16. Nd1 Nc7 17. Ne3 Nc8 18. Qc2 h6 19. d5 e5 20. Nh4 f5 21. Nhxf5 Bg5 22. c5 Nb5 23. c6 bxc6 24. dxc6 Bxf5 25. Bxf5 Nc7 26. Rcd1 Qf6 27. Bxc8 Rbxc8 28. Nc4 Nb5 29. Nb6 Na7 30. Nxc8 Rxc8 31. c7 Qf7 32. Rxd6 Rxc7 33. Qd3 Nc6 34. Qd5 Qxd5 35. Rxd5 Rb7 36. Rd3 Bf6 37. Re4 Nd4 38. Bxd4 exd4 39. g3 Rd7 40. Re8+ Kf7 41. Rb8 Be7 42. b4 axb4 43. axb4 Ke6 44. Rb5 Bf6 45. Kg2 Kd6 46. Kf3 Re7 47. Ra3 Kc6 48. Rc5+ Kb6 49. Rd5 Kc6 50. Rf5 Re1 51. Ra6+ Kb7 52. Rd6 Kc7 53. Rfxf6 1-0

[Event "BCF-chT 2122 (4NCL)"]
[Site "England"]
[Date "2022.02.12"]
[Round "3.43"]
[White "Toma, Katarzyna"]
[Black "Taylor, Martin R"]
[Result "1/2-1/2"]
[WhiteElo "2279"]
[BlackElo "2343"]
[PlyCount "80"]
[EventDate "2021.11.27"]
[EventType "team-swiss"]
[EventRounds "11"]
[EventCountry "ENG"]
[SourceTitle "EXT 2023"]
[Source "ChessBase"]
[SourceDate "2022.10.05"]
[SourceVersion "1"]
[SourceVersionDate "2022.10.05"]
[SourceQuality "1"]
[WhiteTeam "Wood Green Youth"]
[BlackTeam "Barbican"]
[WhiteTeamCountry "ENG"]
[BlackTeamCountry "ENG"]

1. e4 Nf6 2. e5 Nd5 3. d4 d6 4. c4 Nb6 5. exd6 cxd6 6. Nc3 g6 7. Be3 Bg7 8. Rc1 0-0 9. Be2 e5 10. dxe5 dxe5 11. Qxd8 Rxd8 12. c5 N6d7 13. Bc4 Nc6 14. a3 b6 15. b4 bxc5 16. bxc5 Bb7 17. Nf3 Nd4 18. Ng5 Bxg2 19. Bxf7+ Kf8 20. Rg1 Bc6 21. Bc4 Nf6 22. Bxd4 exd4 23. Ne6+ Ke7 24. Nxg7 dxc3 25. Ne6 Rdc8 26. Nd4 Be4 27. Rg5 Nd7 28. f3 Kf6 29. h4 h6 30. Rg2 Bf5 31. Bd5 Nxc5 32. Rxc3 Nd3+ 33. Rxd3 Bxd3 34. Bxa8 Rxa8 35. Kd2 Bc4 36. Ke3 Re8+ 37. Kf4 Rd8 38. Ke3 Re8+ 39. Kf4 Rd8 40. Ke3 Re8+ 1/2-1/2

[Event "BCF-chTa 1920 (4NCL)"]
[Site "Daventry"]
[Date "2020.02.08"]
[Round "5.32"]
[White "Taylor, Martin R"]
[Black "Lund, D Brett"]
[Result "0-1"]
[WhiteElo "2345"]
[BlackElo "2265"]
[PlyCount "124"]
[EventDate "2019.11.09"]
[EventType "team-tourn"]
[EventRounds "11"]
[EventCountry "ENG"]
[SourceTitle "CBM 194 Extra"]
[Source "ChessBase"]
[SourceDate "2020.03.31"]
[SourceVersion "1"]
[SourceVersionDate "2020.03.31"]
[SourceQuality "1"]
[WhiteTeam "Barbican"]
[BlackTeam "Spirit of Atticus"]
[WhiteTeamCountry "ENG"]
[BlackTeamCountry "ENG"]

1. d4 d6 2. e4 Nf6 3. f3 c5 4. d5 e5 5. Be3 Be7 6. Qd2 0-0 7. c4 Ne8 8. Bd3 Nd7 9. Ne2 g6 10. g4 Bh4+ 11. Ng3 Ng7 12. Ke2 Nf6 13. Rg1 h5 14. gxh5 Nfxh5 15. Nxh5 Nxh5 16. Nc3 Kh7 17. Kd1 Qf6 18. Kc2 Bh3 19. Bf2 Bxf2 20. Qxf2 a6 21. a4 Nf4 22. Ne2 Nxe2 23. Bxe2 Kg7 24. b3 Rh8 25. Rg3 Rh4 26. Bd3 Rah8 27. Rd1 Bd7 28. Rd2 Qf4 29. Qg1 Qh6 30. Rgg2 Rh3 31. Rgf2 Qf4 32. Qh1 b6 33. Bf1 R3h4 34. Bd3 Qf6 35. Kb2 Rb8 36. Qf1 Qf4 37. Rc2 Qe3 38. Qd1 b5 39. cxb5 axb5 40. axb5 Bxb5 41. Bxb5 Rxb5 42. Rce2 Qf4 43. Qd3 Rb4 44. Rc2 Rh8 45. Kb1 Rhb8 46. Rb2 Qg5 47. Rfc2 R4b7 48. Rc4 Ra7 49. Ra4 Qg1+ 50. Ka2 Rba8 51. Ka3 Qa1+ 52. Ra2 Qc1+ 53. Rb2 Qa1+ 54. Ra2 Rxa4+ 55. bxa4 Qc1+ 56. Rb2 Rxa4+ 57. Kxa4 Qxb2 58. Ka5 Qb4+ 59. Ka6 c4 60. Qe3 c3 61. f4 Qa3+ 62. Kb7 Qb2+ 0-1

[Event "BCF-chT1a 1819 (4NCL)"]
[Site "England"]
[Date "2018.11.11"]
[Round "2.1"]
[White "Taylor, Martin R"]
[Black "Le Roux, Jean Pierre"]
[Result "0-1"]
[WhiteElo "2337"]
[BlackElo "2534"]
[PlyCount "90"]
[EventDate "2018.11.10"]
[EventType "team-tourn"]
[EventRounds "7"]
[EventCountry "ENG"]
[SourceTitle "CBM 187 Extra"]
[Source "ChessBase"]
[SourceDate "2018.11.04"]
[SourceVersion "1"]
[SourceVersionDate "2018.11.04"]
[SourceQuality "1"]
[WhiteTeam "Barbican"]
[BlackTeam "Guildford"]
[WhiteTeamCountry "ENG"]
[BlackTeamCountry "ENG"]

1. d4 g6 2. c4 Nf6 3. Nc3 d5 4. Nf3 Bg7 5. Qb3 dxc4 6. Qxc4 0-0 7. e4 Na6 8. Be2 c5 9. d5 e6 10. 0-0 exd5 11. exd5 Bf5 12. Rd1 Qb6 13. Nh4 Bd7 14. Be3 Rfe8 15. a3 Rad8 16. h3 h6 17. Nf3 g5 18. Nd2 Bf5 19. Qb5 Nc7 20. Qxb6 axb6 21. d6 Ncd5 22. Nxd5 Nxd5 23. Nc4 Be4 24. Bd3 Nxe3 25. Nxe3 Bc6 26. Rab1 b5 27. Rd2 Kf8 28. Nf5 Be5 29. Rbd1 c4 30. Bf1 Re6 31. d7 Bf4 32. Rd4 Re4 33. g3 Rxd4 34. Nxd4 Be5 35. Nxc6 bxc6 36. Rd2 Ke7 37. Bg2 Rxd7 38. Re2 Kd6 39. Bxc6 Kxc6 40. Rxe5 Rd2 41. a4 Rxb2 42. axb5+ Rxb5 43. Re8 Rc5 44. Kf1 c3 45. Ke2 Kd7 0-1

[Event "Harrow Poobalasingam op 1st"]
[Site "Harrow"]
[Date "2018.09.09"]
[Round "5"]
[White "Taylor, Martin R"]
[Black "Gordon, Stephen J"]
[Result "0-1"]
[WhiteElo "2337"]
[BlackElo "2544"]
[PlyCount "108"]
[EventDate "2018.09.09"]
[EventType "swiss (rapid)"]
[EventRounds "6"]
[EventCountry "ENG"]
[SourceTitle "CBM 186 Extra"]
[Source "ChessBase"]
[SourceDate "2018.08.24"]
[SourceVersion "1"]
[SourceVersionDate "2018.08.24"]
[SourceQuality "1"]

1. d4 Nf6 2. c4 e6 3. Nc3 Bb4 4. Qc2 c5 5. dxc5 0-0 6. a3 Bxc5 7. Nf3 Qb6 8. e3 Be7 9. Bd3 d6 10. 0-0 Nbd7 11. b4 Qc7 12. Bb2 b6 13. Ne4 h6 14. Nxf6+ Nxf6 15. Rac1 Bb7 16. Nd4 Rac8 17. e4 Nd7 18. f4 Rfe8 19. Qf2 Bf6 20. Nb5 Qb8 21. Bxf6 Nxf6 22. Rfe1 Red8 23. Qe2 a6 24. Nc3 Nd7 25. Qe3 Bc6 26. Bf1 b5 27. cxb5 axb5 28. Ne2 Nf6 29. Nd4 Bxe4 30. Nxb5 d5 31. g3 e5 32. Qa7 exf4 33. Qxb8 Rxb8 34. gxf4 d4 35. Rcd1 d3 36. Nc3 Bf5 37. Re5 g6 38. Rxf5 gxf5 39. Rxd3 Rxd3 40. Bxd3 Rc8 41. Ne2 Ne4 42. a4 Rd8 43. Bxe4 fxe4 44. Kf2 Rd3 45. a5 Rb3 46. Ng3 Rxb4 47. Ke3 Ra4 48. Nxe4 Rxa5 49. Kf3 Kg7 50. Ng3 Kg6 51. h4 Ra3+ 52. Kg4 h5+ 53. Kh3 Rf3 54. f5+ Rxf5 0-1

[Event "BCF-chT1d 1718 (4NCL) Demotion pool"]
[Site "England"]
[Date "2018.05.06"]
[Round "10.73"]
[White "Bukojemski, Adam"]
[Black "Taylor, Martin R"]
[Result "1/2-1/2"]
[WhiteElo "2194"]
[BlackElo "2367"]
[PlyCount "93"]
[EventDate "2017.11.11"]
[EventType "team-swiss"]
[EventRounds "11"]
[EventCountry "ENG"]
[SourceTitle "EXT 2019"]
[Source "ChessBase"]
[SourceDate "2018.10.10"]
[SourceVersion "1"]
[SourceVersionDate "2018.10.10"]
[SourceQuality "1"]
[WhiteTeam "Cambridge University"]
[BlackTeam "Barbican II"]
[WhiteTeamCountry "ENG"]
[BlackTeamCountry "ENG"]

1. e4 e5 2. Nf3 Nc6 3. Bb5 a6 4. Ba4 Nf6 5. Bxc6 dxc6 6. d3 Nd7 7. 0-0 Bd6 8. c3 c5 9. Be3 0-0 10. d4 Qe7 11. Nbd2 cxd4 12. cxd4 exd4 13. Nxd4 Ne5 14. h3 Rd8 15. Qc2 Qh4 16. f4 Qg3 17. Rfe1 Ng6 18. e5 Bb4 19. Ne4 Qh4 20. Rf1 Rxd4 21. Bxd4 Nxf4 22. Qf2 Qxf2+ 23. Rxf2 Ne6 24. Bc3 Be7 25. Raf1 Nd8 26. a3 b6 27. Bb4 c5 28. Bc3 Be6 29. Nd6 Ra7 30. Rd2 Kf8 31. g4 Nc6 32. Nf5 Rc7 33. Nxe7 Kxe7 34. b4 cxb4 35. Bxb4+ Nxb4 36. axb4 a5 37. bxa5 bxa5 38. Ra1 Rc5 39. Rd3 Rxe5 40. Rda3 h5 41. Rxa5 Rxa5 42. Rxa5 hxg4 43. hxg4 Kf6 44. g5+ Kg6 45. Kf2 Bf5 46. Ra7 Be6 47. Ra5 1/2-1/2

[Event "BCF-chT1d 1718 (4NCL) Demotion pool"]
[Site "England"]
[Date "2018.03.18"]
[Round "8.74"]
[White "Taylor, Martin R"]
[Black "Kett, Timothy"]
[Result "1-0"]
[WhiteElo "2367"]
[BlackElo "2215"]
[PlyCount "63"]
[EventDate "2017.11.11"]
[EventType "team-swiss"]
[EventRounds "11"]
[EventCountry "ENG"]
[SourceTitle "EXT 2019"]
[Source "ChessBase"]
[SourceDate "2018.10.10"]
[SourceVersion "1"]
[SourceVersionDate "2018.10.10"]
[SourceQuality "1"]
[WhiteTeam "Barbican II"]
[BlackTeam "West is Best"]
[WhiteTeamCountry "ENG"]
[BlackTeamCountry "ENG"]

1. d4 d6 2. e4 Nf6 3. f3 e5 4. Ne2 exd4 5. Nxd4 Nc6 6. c4 Nxd4 7. Qxd4 g6 8. Be3 Bg7 9. Nc3 0-0 10. Qd2 Ne8 11. h4 c6 12. h5 Be6 13. Bh6 f6 14. Bxg7 Nxg7 15. hxg6 hxg6 16. 0-0-0 Qa5 17. Qh6 Kf7 18. Rxd6 Rad8 19. Rxd8 Rxd8 20. Qe3 a6 21. Be2 Qb4 22. a3 Qa5 23. f4 Qc7 24. g4 b5 25. cxb5 cxb5 26. f5 Bc4 27. Bxc4+ bxc4 28. fxg6+ Kxg6 29. Nd5 Qe5 30. Rh6+ Kf7 31. Qa7+ Kg8 32. Nxf6+ 1-0

[Event "BCF-chT1b 1718 (4NCL)"]
[Site "England"]
[Date "2018.02.10"]
[Round "5.63"]
[White "Taylor, Martin R"]
[Black "Haria, Ravi"]
[Result "0-1"]
[WhiteElo "2367"]
[BlackElo "2364"]
[PlyCount "134"]
[EventDate "2017.11.11"]
[EventType "team-swiss"]
[EventRounds "11"]
[EventCountry "ENG"]
[SourceTitle "EXT 2019"]
[Source "ChessBase"]
[SourceDate "2018.10.10"]
[SourceVersion "1"]
[SourceVersionDate "2018.10.10"]
[SourceQuality "1"]
[WhiteTeam "Barbican"]
[BlackTeam "Wood Green"]
[WhiteTeamCountry "ENG"]
[BlackTeamCountry "ENG"]

1. d4 e6 2. c4 d5 3. Nc3 a6 4. cxd5 exd5 5. Qb3 Nc6 6. Nf3 Bb4 7. Bf4 Nge7 8. a3 Bd6 9. Bxd6 Qxd6 10. e3 0-0 11. Be2 Be6 12. 0-0 f6 13. Ne1 b6 14. Nd3 Bf7 15. Rac1 Rfd8 16. Rfd1 Kh8 17. Nb1 Ra7 18. Nd2 g5 19. Qc3 Kg7 20. Nb4 Nxb4 21. axb4 Be8 22. Nb3 Nc6 23. b5 Nb4 24. Ra1 a5 25. Nd2 c6 26. e4 cxb5 27. e5 Qe7 28. Nf3 f5 29. Rdc1 Bd7 30. Qd2 h6 31. g3 Rf8 32. Ra3 f4 33. Ne1 Qf7 34. f3 Qe6 35. Qxb4 axb4 36. Rxa7 Rf7 37. Rcc7 Be8 38. Bxb5 Rxc7 39. Rxc7+ Kf8 40. Bd3 b5 41. gxf4 Qb6 42. Rc5 gxf4 43. Ng2 Bg6 44. Bf1 Qa7 45. Nxf4 Bf5 46. Kf2 Qe7 47. Ng2 Qg5 48. Ke2 Bh3 49. Kf2 Qd2+ 50. Kg3 Qxd4 51. Rxb5 Bxg2 52. Bxg2 Qxe5+ 53. f4 Qg7+ 54. Kf3 Qxb2 55. Rxd5 Qb3+ 56. Kg4 Qc2 57. Rf5+ Kg7 58. Bd5 Qc8 59. Be4 Kg6 60. Kf3 Qxf5 61. Ke3 b3 62. Bxf5+ Kxf5 63. Kd3 Kxf4 64. Kc3 Kg4 65. Kxb3 Kh3 66. Kc4 Kxh2 67. Kd4 Kg3 0-1

[Event "BCF-chT1a 1718 (4NCL)"]
[Site "England"]
[Date "2018.01.13"]
[Round "3.13"]
[White "Taylor, Martin R"]
[Black "Edouard, Romain"]
[Result "1/2-1/2"]
[WhiteElo "2367"]
[BlackElo "2619"]
[PlyCount "125"]
[EventDate "2017.11.11"]
[EventType "team-swiss"]
[EventRounds "11"]
[EventCountry "ENG"]
[SourceTitle "EXT 2019"]
[Source "ChessBase"]
[SourceDate "2018.10.10"]
[SourceVersion "1"]
[SourceVersionDate "2018.10.10"]
[SourceQuality "1"]
[WhiteTeam "Barbican II"]
[BlackTeam "Guildford"]
[WhiteTeamCountry "ENG"]
[BlackTeamCountry "ENG"]

1. d4 e6 2. c4 Bb4+ 3. Bd2 a5 4. e4 d6 5. Nf3 Nc6 6. Nc3 e5 7. a3 Bxc3 8. Bxc3 Bg4 9. d5 Nce7 10. h3 Bh5 11. c5 Nf6 12. cxd6 cxd6 13. Qa4+ Nd7 14. g4 Bg6 15. Bb5 Nc8 16. Nd2 Ncb6 17. Qd1 h5 18. Qf3 hxg4 19. hxg4 Rxh1+ 20. Qxh1 Qg5 21. Qf3 Ke7 22. Ke2 Nf6 23. Rg1 Rc8 24. Bxa5 Rc2 25. Qe3 Qxe3+ 26. Kxe3 Rxb2 27. a4 Nbxd5+ 28. exd5 Nxd5+ 29. Ke2 b6 30. Bxb6 Nxb6 31. Ra1 Nd5 32. Ra3 Rc2 33. f3 Nc3+ 34. Ke1 d5 35. Bf1 Kd6 36. a5 Rxd2 37. a6 Rd1+ 38. Kf2 Ne4+ 39. fxe4 Bxe4 40. a7 d4 41. a8Q Bxa8 42. Rxa8 e4 43. Re8 e3+ 44. Kg2 Rd2+ 45. Kg3 Kc5 46. Re7 f6 47. Ba6 Ra2 48. Bd3 Kb4 49. Kf3 Kc3 50. Be2 g5 51. Rc7+ Kd2 52. Rc4 d3 53. Rd4 Ra3 54. Bf1 Rb3 55. Be2 f5 56. gxf5 g4+ 57. Rxg4 Rb5 58. Rd4 Rxf5+ 59. Ke4 Kxe2 60. Kxf5 d2 61. Kf4 d1Q 62. Rxd1 Kxd1 63. Kxe3 1/2-1/2

[Event "BCF-chT1a 1516 (4NCL)"]
[Site "England"]
[Date "2016.03.19"]
[Round "7.136"]
[White "Taylor, Martin R"]
[Black "Longson, Alexander"]
[Result "1/2-1/2"]
[WhiteElo "2325"]
[BlackElo "2332"]
[PlyCount "31"]
[EventDate "2015.11.14"]
[EventType "team-tourn"]
[EventRounds "7"]
[EventCountry "ENG"]
[SourceTitle "CBM 171 Extra"]
[Source "ChessBase"]
[SourceDate "2016.04.26"]
[SourceVersion "1"]
[SourceVersionDate "2016.04.26"]
[SourceQuality "1"]
[WhiteTeam "Barbican"]
[BlackTeam "3CS Oldham"]
[WhiteTeamCountry "ENG"]
[BlackTeamCountry "ENG"]

1. d4 d5 2. c4 dxc4 3. Nf3 a6 4. e3 b5 5. a4 Bb7 6. axb5 axb5 7. Rxa8 Bxa8 8. b3 e6 9. bxc4 bxc4 10. Bxc4 Nf6 11. Nbd2 Nbd7 12. 0-0 c5 13. Nb3 cxd4 14. Qxd4 Be7 15. Bb2 0-0 16. Qa7 1/2-1/2

[Event "BCF-chT1b 1516 (4NCL)"]
[Site "England"]
[Date "2016.01.23"]
[Round "3.173"]
[White "Taylor, Martin R"]
[Black "Grant, David J"]
[Result "1-0"]
[WhiteElo "2325"]
[BlackElo "2101"]
[PlyCount "91"]
[EventDate "2015.11.14"]
[EventType "team-swiss"]
[EventRounds "11"]
[EventCountry "ENG"]
[SourceTitle "CBM 170 Extra"]
[Source "ChessBase"]
[SourceDate "2016.02.25"]
[SourceVersion "1"]
[SourceVersionDate "2016.02.25"]
[SourceQuality "1"]
[WhiteTeam "Barbican II"]
[BlackTeam "Sussex Martlets"]
[WhiteTeamCountry "ENG"]
[BlackTeamCountry "ENG"]

1. d4 Nf6 2. c4 e6 3. Nc3 Bb4 4. Qc2 d5 5. a3 Bxc3+ 6. Qxc3 Ne4 7. Qc2 c5 8. dxc5 Nc6 9. cxd5 exd5 10. Nf3 Bf5 11. b4 d4 12. g4 Bg6 13. Qc4 h5 14. g5 0-0 15. Bg2 Nc3 16. Bd2 Re8 17. Bxc3 dxc3 18. Qxc3 a5 19. b5 Nb4 20. 0-0 Nd5 21. Qd2 Rc8 22. Nh4 Be4 23. f3 Bh7 24. e4 Rxc5 25. exd5 Rxd5 26. Qf2 Rd2 27. Qg3 Qd4+ 28. Kh1 Bd3 29. Rfe1 Rde2 30. Rad1 Qc3 31. Rxe2 Rxe2 32. g6 fxg6 33. f4 Qc2 34. Re1 Qd2 35. Nf3 Rxe1+ 36. Nxe1 Bxb5 37. Bxb7 h4 38. Qxh4 Bc4 39. Qg3 Qe2 40. Bf3 Qe6 41. Qf2 Qd6 42. Qe3 Kh7 43. Be4 Qe6 44. Nf3 Qg4 45. Ne5 Qd1+ 46. Qg1 1-0

[Event "Warwick County-ch"]
[Site "Warwick"]
[Date "2015.07.04"]
[Round "1.2"]
[White "Ledger, Andrew"]
[Black "Taylor, Martin R"]
[Result "1-0"]
[WhiteElo "2392"]
[BlackElo "2325"]
[PlyCount "99"]
[EventDate "2015.07.04"]
[EventType "team-match"]
[EventRounds "1"]
[EventCountry "ENG"]
[SourceTitle "CBM 167 Extra"]
[Source "ChessBase"]
[SourceDate "2015.09.14"]
[SourceVersion "1"]
[SourceVersionDate "2015.09.14"]
[SourceQuality "1"]
[WhiteTeam "Yorkshire"]
[BlackTeam "Kent"]
[WhiteTeamCountry "ENG"]
[BlackTeamCountry "ENG"]

1. d4 d5 2. c4 c6 3. Nf3 Nf6 4. e3 e6 5. Nbd2 Nbd7 6. b3 b6 7. Bd3 Bb7 8. 0-0 Be7 9. Bb2 0-0 10. Qe2 Qc7 11. Rac1 Rad8 12. Ne5 Nxe5 13. dxe5 Nd7 14. f4 Nc5 15. Bb1 f5 16. exf6 Bxf6 17. Bxf6 gxf6 18. b4 Na6 19. cxd5 exd5 20. a3 Qe7 21. Rf3 Rf7 22. Bd3 Nc7 23. Nb3 Ne6 24. Bf5 c5 25. Bxe6 Qxe6 26. f5 Qe7 27. bxc5 Rc8 28. Qb5 Qd7 29. Qxd7 Rxd7 30. Rff1 Rdc7 31. cxb6 axb6 32. Rxc7 Rxc7 33. Rc1 Rxc1+ 34. Nxc1 Bc8 35. g4 h5 36. h3 hxg4 37. hxg4 Kf8 38. Kf2 Ke7 39. Kf3 Ba6 40. Nb3 Bd3 41. Kf4 Bb5 42. Nd4 Bd7 43. g5 fxg5+ 44. Kxg5 Be8 45. f6+ Kd6 46. Kf5 Bh5 47. Ne6 Bf7 48. Ng5 Bh5 49. f7 Ke7 50. Ke5 1-0

[Event "BCF-chT1a 1415 (4NCL)"]
[Site "England"]
[Date "2015.03.28"]
[Round "7.147"]
[White "Ledger, Dave J"]
[Black "Taylor, Martin R"]
[Result "1/2-1/2"]
[WhiteElo "2268"]
[BlackElo "2328"]
[PlyCount "92"]
[EventDate "2014.11.15"]
[EventType "team-swiss"]
[EventRounds "11"]
[EventCountry "ENG"]
[SourceTitle "EXT 2016"]
[Source "ChessBase"]
[SourceDate "2015.10.08"]
[SourceVersion "1"]
[SourceVersionDate "2015.10.08"]
[SourceQuality "1"]
[WhiteTeam "Blackthorne Russia"]
[BlackTeam "Barbican"]
[WhiteTeamCountry "ENG"]
[BlackTeamCountry "ENG"]

1. e4 Nf6 2. e5 Nd5 3. d4 d6 4. Nf3 dxe5 5. Nxe5 c6 6. Be2 Bf5 7. g4 Be6 8. c4 Nb6 9. b3 f6 10. Nd3 Qxd4 11. Bb2 Qd7 12. Nc3 Na6 13. Rg1 Qc7 14. Rg3 0-0-0 15. Qd2 Bf7 16. 0-0-0 e5 17. Qe3 Bg6 18. Ne4 Nb4 19. Nxb4 Bxb4 20. h4 Rxd1+ 21. Bxd1 Rd8 22. Bc2 Qd7 23. Kb1 Qe7 24. h5 Bxe4 25. Qxe4 h6 26. Rd3 Rxd3 27. Qxd3 Nd7 28. Qh7 Kc7 29. Qg8 Qf8 30. Qh7 Bc5 31. Bf5 Qe7 32. f3 Bd6 33. Bc1 Kb6 34. Bxd7 Qxd7 35. Bxh6 Ba3 36. Be3+ Kc7 37. Kc2 b6 38. Qg6 Qe7 39. Kd3 Qf8 40. Ke2 Be7 41. a4 Bd8 42. Qh7 Qe7 43. Kf2 Qd7 44. b4 Kc8 45. Qg8 Kb7 46. Ke2 e4 1/2-1/2

[Event "BCF-chT1b 1415 (4NCL)"]
[Site "England"]
[Date "2015.01.11"]
[Round "4.171"]
[White "Taylor, Martin R"]
[Black "Eames, Robert"]
[Result "1/2-1/2"]
[WhiteElo "2328"]
[BlackElo "2237"]
[PlyCount "45"]
[EventDate "2014.11.15"]
[EventType "team-swiss"]
[EventRounds "11"]
[EventCountry "ENG"]
[SourceTitle "EXT 2016"]
[Source "ChessBase"]
[SourceDate "2015.10.08"]
[SourceVersion "1"]
[SourceVersionDate "2015.10.08"]
[SourceQuality "1"]
[WhiteTeam "Barbican II"]
[BlackTeam "Hackney"]
[WhiteTeamCountry "ENG"]
[BlackTeamCountry "ENG"]

1. d4 g6 2. c4 Bg7 3. e4 d6 4. Nc3 e5 5. d5 a5 6. Nge2 Na6 7. Be3 f5 8. g3 Nf6 9. Bg2 0-0 10. 0-0 Nc5 11. f3 fxe4 12. Nxe4 Ncxe4 13. fxe4 Ng4 14. Qd2 Nxe3 15. Qxe3 b6 16. Nc3 Bd7 17. Rxf8+ Qxf8 18. Rf1 Qe7 19. Nb5 Bxb5 20. cxb5 Rf8 21. Bh3 Rxf1+ 22. Kxf1 h5 23. Be6+ 1/2-1/2